LEADER 00869nam a2200229 i 4500 001 000000050813 003 CaOOAMICUS 005 20101118000000.0 008 101118s1995 it u000 u ita u 013 $a21984 040 $aSeMil$bita 100 1 $aMajo, Angelo Giuseppe,$c.$0(OLS)http://semarc/name/3746 245 10$aAlla soglia dei settant'anni /$cAngelo Majo. 260 $aMilano :$bNED,$ccopyr. 1995. 300 $a94 p. ;$c17 cm. 500 $aDono di Mons. Rimoldi. 650 4$aMilano (Arcidiocesi) - Clero.$0(OLS)http://semarc/subject/5055 850 $aSeMil 852 $aSeMil$W1$xVenegono$y1$m3J I 299$j16968$B16968$CSeMilBibl$Z2$F16968 $81 961 $aOmaggio: Rimoldi mons. Antonio 996 $6245$aAlla soglia dei settant'anni$9(OLS)http://semarc/title/77638 996 $6260$aMilano :$bNED$9(OLS)http://semarc/publisher/30187 LEADER 00550nab a2200145 i 4500 001 000000309808 003 CaOOAMICUS 005 20180831173001.0 008 180831n xx uu u0 0und r 013 $a18903 040 $aSeMil$bita 100 1 $aBonito, Anton-Maria.$0(OLS)http://semarc/name/88206 245 13$aIl Congresso Socialista di Parigi ed il programma della Società futura. 773 0 $t[Luglio-Dicembre].$g316-324,428-446$w()273970 996 $6245$aIl Congresso Socialista di Parigi ed il programma della Società futura$9(OLS)http://semarc/title/384791